[Event "Ann Arbor (Mini-Swiss/1/6)"]
[Site "?"]
[Date "1995.??.??"]
[Round "?"]
[White "Carlisle, S."]
[Black "Foord, Allan"]
[Result "0-1"]
[WhiteElo "1605"]
[BlackElo "1610"]
[PlyCount "118"]
[EventDate "1995.??.??"]

{1/(6)} 1. e4 c5 2. Nf3 d6 3. Bc4 e6 4. c3 Nf6 5. d3 Be7 6. Be3 Nc6 7. Bb5 O-O
8. Bxc6 bxc6 9. O-O Ng4 10. Bf4 e5 11. Bg3 Be6 12. d4 cxd4 13. cxd4 Qb6 14. Qd2
Rfd8 15. Nc3 Rab8 16. b3 exd4 17. Na4 Qb4 18. Qxd4 Qxd4 19. Nxd4 Bd7 20. Rac1
c5 21. Nf5 Bxf5 22. exf5 Rb4 23. Rc4 d5 24. Rxb4 cxb4 25. Rc1 d4 26. Nb2 d3 27.
h3 Nh6 28. Bc7 Rd7 29. g4 d2 30. Rd1 Rxc7 31. Rxd2 Rc1+ 32. Kg2 Kf8 33. Rd7 Rc2
34. Rxa7 Rxf2+ 35. Kg3 Bd6+ 36. Kxf2 Bc5+ 37. Kf3 Bxa7 38. Ke4 Ke7 39. g5 Ng8
40. Nd3 f6 41. Nxb4 Bc5 42. Nd5+ Kf7 43. gxf6 Nxf6+ 44. Nxf6 Kxf6 45. Kd5 Ba3
46. Ke4 Bb4 47. a4 Be1 48. Kf4 Bd2+ 49. Ke4 h6 50. h4 h5 51. Kd3 Be1 52. Kc4
Kxf5 53. b4 Ke6 54. Kb5 Kd7 55. a5 Kc7 56. a6 Bxh4 57. Ka4 Bf2 58. Kb5 h4 59.
a7 Bxa7 $138 0-1

[Event "Ann Arbor (Mini-Swiss/2/5)"]
[Site "?"]
[Date "1995.??.??"]
[Round "?"]
[White "Carlisle, S."]
[Black "Davey, Scott"]
[Result "0-1"]
[WhiteElo "1605"]
[BlackElo "1605"]
[PlyCount "74"]
[EventDate "1995.??.??"]

{2/(5)} 1. e4 e5 2. Nf3 Nc6 3. Bc4 Nf6 4. Nc3 Nxe4 5. d3 Nxc3 6. bxc3 d5 7. Bb5
Bg4 8. Qe2 Qf6 9. Qxe5+ Qe6 10. Qxe6+ Bxe6 11. O-O Bd7 12. Re1+ Be7 13. Bxc6
bxc6 14. Ba3 Be6 15. Bxe7 Kxe7 16. Nd4 Kd6 17. Nxe6 fxe6 18. d4 Rab8 19. Re2
Rb2 20. Rae1 Re8 21. a3 Ra2 22. f4 Rxa3 23. Re3 a5 24. f5 a4 25. Rxe6+ Rxe6 26.
fxe6 Ke7 27. Re3 Ra2 28. c4 a3 29. cxd5 Ra1+ 30. Kf2 cxd5 31. Rc3 a2 32. Ra3
Kxe6 33. Ra6+ Kf5 34. Ke2 c6 35. Kd3 Rd1+ 36. Kc3 a1=Q+ 37. Rxa1 Rxa1 0-1

[Event "Ann Arbor (HVA/3/10)"]
[Site "?"]
[Date "1995.??.??"]
[Round "?"]
[White "Carlisle, S."]
[Black "Alliston, Richard"]
[Result "0-1"]
[WhiteElo "1605"]
[BlackElo "1605"]
[PlyCount "66"]
[EventDate "1995.??.??"]

{3/(10)} 1. d4 d5 2. c4 e6 3. Nf3 Nf6 4. cxd5 exd5 5. Nc3 c6 6. Bg5 Nbd7 7. e3
Be7 8. Bf4 O-O 9. Bd3 Re8 10. O-O g6 11. h3 b6 12. a3 Bb7 13. b4 a5 14. b5 c5
15. dxc5 Nxc5 16. Nd4 Rc8 17. Rc1 Nxd3 18. Qxd3 Bxa3 19. Rc2 Rc4 20. Nb1 Rxc2
21. Qxc2 Bc5 22. Rd1 Qd7 23. f3 Nh5 24. Bh2 Rxe3 25. Qf2 Re7 26. f4 Qe8 27. Qd2
Bxd4+ 28. Kh1 Be3 29. Qc3 Qxb5 30. Re1 d4 31. Na3 Bxg2+ 32. Kxg2 Qd5+ 33. Kf1
Qf3# 0-1

[Event "East Lansing (Class DE/1/21)"]
[Site "?"]
[Date "1995.??.??"]
[Round "?"]
[White "Card, A."]
[Black "Lueer, Michael"]
[Result "1-0"]
[WhiteElo "1605"]
[BlackElo "1605"]
[PlyCount "47"]
[EventDate "1995.??.??"]

{1/(21)} 1. d4 g6 2. e4 Bg7 3. Nf3 Nf6 4. Bd3 d6 5. O-O Bg4 6. h3 Bxf3 7. Qxf3
Nc6 8. Be3 Qd7 9. c3 O-O-O 10. Qe2 a6 11. Nd2 e5 12. d5 Ne7 13. Bxa6 c5 14. Bb5
Qc7 15. b4 cxb4 16. cxb4 Nd7 17. Rfc1 Nc6 18. dxc6 Nc5 19. cxb7+ Kxb7 20. Ba6+
Kb6 21. bxc5+ dxc5 22. Rxc5 Qxc5 23. Qb5+ Kc7 24. Qxc5+ 1-0

[Event "East Lansing (Class DE/2/3)"]
[Site "?"]
[Date "1995.??.??"]
[Round "?"]
[White "Card, A."]
[Black "Harrison, T."]
[Result "0-1"]
[WhiteElo "1605"]
[BlackElo "1605"]
[PlyCount "56"]
[EventDate "1995.??.??"]

{2/(3)} 1. d4 f5 2. Nf3 Nf6 3. Bg5 h6 4. Bh4 g5 5. Bg3 f4 6. Qd3 Rg8 7. Ne5
fxg3 8. hxg3 d6 9. Ng6 Qd7 10. Nxf8 Kxf8 11. Rxh6 Qf5 12. e3 Ne4 13. f3 Nxg3
14. Qxf5+ Nxf5 15. Rh2 Nxe3 16. Bd3 Bf5 17. Be2 Nxc2+ 18. Kf2 Nxa1 19. Bc4 e6
20. g4 d5 21. Bxd5 exd5 22. gxf5 Nc2 23. Rh7 Nxd4 24. f6 Nf5 25. Na3 Nd6 26.
Rxc7 Nc6 27. Rd7 Rd8 28. Rc7 Rg6 0-1

[Event "East Lansing (Class DE/4/6)"]
[Site "?"]
[Date "1995.??.??"]
[Round "?"]
[White "Card, A."]
[Black "Dowling, James"]
[Result "0-1"]
[WhiteElo "1605"]
[BlackElo "1605"]
[PlyCount "92"]
[EventDate "1995.??.??"]

{4/(6)} 1. d4 d5 2. Nf3 Nf6 3. c3 Bf5 4. Bg5 Nbd7 5. Nbd2 Ne4 6. Nh4 Nxg5 7.
Nxf5 e6 8. Ng3 Bd6 9. e4 Bxg3 10. hxg3 dxe4 11. Qc2 c6 12. Nxe4 Nxe4 13. Qxe4
Nf6 14. Qc2 Qe7 15. O-O-O O-O-O 16. Bd3 h6 17. Qe2 c5 18. dxc5 Qxc5 19. Bc2 Qc6
20. Rh4 Rxd1+ 21. Bxd1 Kb8 22. Qe5+ Qc7 23. Qe2 Rd8 24. Rc4 Qa5 25. Bc2 Rc8 26.
b4 Qa3+ 27. Kb1 Rxc4 28. Qxc4 Nd5 29. Bb3 Qa6 30. Qxa6 bxa6 31. c4 Nxb4 32. a3
Nd3 33. f3 Ne1 34. c5 Nxg2 35. Kc2 Ne1+ 36. Kc3 Nxf3 37. Kb4 Nd4 38. Ba4 Kc7
39. Be8 f6 40. Ka5 Kb7 41. c6+ Nxc6+ 42. Bxc6+ Kxc6 43. Kxa6 e5 44. Kxa7 e4 45.
a4 Kc7 46. a5 e3 0-1

[Event "Eastpointe (MCO/2/26)"]
[Site "?"]
[Date "1995.??.??"]
[Round "?"]
[White "Cannon, Gregory"]
[Black "Schilling, P."]
[Result "0-1"]
[WhiteElo "1605"]
[BlackElo "1620"]
[PlyCount "52"]
[EventDate "1995.??.??"]

{2/(26)} 1. Nf3 Nf6 2. c4 b6 3. g3 Bb7 4. Bg2 e6 5. O-O Nc6 6. Nc3 Be7 7. Re1
O-O 8. e4 e5 9. d4 exd4 10. Nxd4 Nxd4 11. Qxd4 Bc5 12. Qd3 Ng4 13. Nd1 Ne5 14.
Qc3 Qe7 15. Be3 Bb4 16. Qc2 Bxe1 17. Bf4 g5 18. Bxe5 Qxe5 19. Ne3 Bxf2+ 20.
Qxf2 h5 21. Nf5 Bxe4 22. Bxe4 Qxe4 23. Re1 Qxc4 24. Ne7+ Kg7 25. Qf5 Qc5+ 26.
Qxc5 bxc5 0-1

[Event "Eastpointe (MCO/6/30)"]
[Site "?"]
[Date "1995.??.??"]
[Round "?"]
[White "Cannon, Gregory"]
[Black "Renauer, D."]
[Result "1-0"]
[WhiteElo "1605"]
[BlackElo "1605"]
[PlyCount "124"]
[EventDate "1995.??.??"]

{6/(30)} 1. Nf3 b6 2. g3 Bb7 3. Bg2 e6 4. c4 Nf6 5. O-O d5 6. b3 c5 7. cxd5
exd5 8. d4 Nc6 9. Bb2 Be7 10. Re1 O-O 11. dxc5 Bxc5 12. Ba3 Bxa3 13. Nxa3 Qd6
14. Nc2 Rac8 15. Rc1 Rfe8 16. Nh4 Rcd8 17. Nf5 Qc5 18. Ncd4 Qa3 19. Nxc6 Bxc6
20. Rxc6 Qxa2 21. Rd6 Rc8 22. Bxd5 Rc5 23. Ne3 Qa3 24. Rc6 Nxd5 25. Rxc5 Nxe3
26. fxe3 Qxc5 27. Qd4 Qe7 28. Kf2 Qe5 29. Qxe5 Rxe5 30. Ra1 a5 31. b4 Rb5 32.
bxa5 bxa5 33. Kf3 g6 34. Ke4 h5 35. Kd4 Rb2 36. Kd3 Rb5 37. Kc3 Rc5+ 38. Kb3
a4+ 39. Rxa4 Rc1 40. Rh4 Re1 41. Kc3 Rxe2 42. Kd3 Rf2 43. Ke4 Rf6 44. Rf4 Kg7
45. Ke5 Re6+ 46. Kd4 Rf6 47. e4 Rxf4 48. gxf4 Kf6 49. h4 Ke6 50. Kc5 f5 51. e5
Ke7 52. Kd5 Kd7 53. e6+ Ke8 54. Ke5 Ke7 55. Kd5 Ke8 56. Kd6 Kd8 57. Ke5 Ke7 58.
Kd5 Ke8 59. Kd6 Kd8 60. e7+ Ke8 61. Ke6 g5 62. hxg5 h4 1-0

[Event "Eastpointe (MCO/4/28)"]
[Site "?"]
[Date "1995.??.??"]
[Round "?"]
[White "Cannon, Gregory"]
[Black "Carvell, John"]
[Result "0-1"]
[WhiteElo "1605"]
[BlackElo "1610"]
[PlyCount "106"]
[EventDate "1995.??.??"]

{4/(28)} 1. Nf3 d5 2. g3 Nf6 3. Bg2 c6 4. O-O Bg4 5. c4 Bxf3 6. Bxf3 e5 7. cxd5
cxd5 8. Qa4+ Nc6 9. d3 Be7 10. Bg5 O-O 11. Bxf6 Bxf6 12. e3 e4 13. Nd2 exf3 14.
d4 Qa5 15. Qd1 Rac8 16. Nxf3 Qd8 17. Rc1 Qd7 18. Nd2 Rc7 19. Nb3 Rfc8 20. Rc3
Ne7 21. Qd3 Rxc3 22. bxc3 Qc7 23. Rc1 a6 24. Nd2 Nc6 25. a3 Na7 26. e4 dxe4 27.
Nxe4 Nc6 28. Qf3 Nxd4 29. Qg4 Ne2+ 30. Qxe2 Be7 31. Qb2 f5 32. Nd2 Bf6 33. Qb3+
Kh8 34. c4 b5 35. Rc2 Qc5 36. Qb4 Qxb4 37. axb4 Rxc4 38. Rxc4 bxc4 39. Nxc4 Bc3
40. Kf1 Bxb4 41. Ke2 Kg8 42. h3 Kf7 43. f3 Ke6 44. Kd3 a5 45. Kd4 a4 46. Kd3 a3
47. Kc2 g6 48. Kb3 Bc5 49. Nxa3 Bxa3 50. Kxa3 Ke5 51. Kb3 Kd4 52. g4 f4 53. h4
Ke3 0-1

[Event "Grand Rapids (MI Am/1/19)"]
[Site "?"]
[Date "1995.??.??"]
[Round "?"]
[White "Caminata, A."]
[Black "Thurman, John"]
[Result "0-1"]
[WhiteElo "1605"]
[BlackElo "1750"]
[PlyCount "68"]
[EventDate "1995.??.??"]

{1/(19)} 1. d4 Nf6 2. g3 d5 3. Nf3 Bf5 4. Nh4 Qd7 5. Nc3 Bh3 6. f3 Bxf1 7. Rxf1
Qh3 8. Rf2 e6 9. a3 Be7 10. Qd3 c6 11. b4 a6 12. Bf4 Nbd7 13. Be5 Nxe5 14. dxe5
Nd7 15. f4 Bxh4 16. gxh4 Qxh4 17. Qe3 O-O 18. Qf3 f6 19. exf6 Rxf6 20. e3 Raf8
21. Ne2 Ne5 22. Qg3 Qxg3 23. hxg3 Ng4 24. Rf1 Nxe3 25. Nd4 Nxf1 26. Kxf1 e5 27.
Ne2 exf4 28. Nxf4 g5 29. Re1 gxf4 30. gxf4 Rxf4+ 31. Ke2 Re4+ 32. Kd2 Rf2+ 33.
Kd1 Rxe1+ 34. Kxe1 Rxc2 0-1

[Event "Grand Rapids (MI Am/4/28)"]
[Site "?"]
[Date "1995.??.??"]
[Round "?"]
[White "Caminata, A."]
[Black "Rodriguez, M."]
[Result "0-1"]
[WhiteElo "1605"]
[BlackElo "1605"]
[PlyCount "74"]
[EventDate "1995.??.??"]

{4/(28)} 1. d4 Nf6 2. g3 g6 3. Bg2 Bg7 4. Bf4 O-O 5. Be5 d6 6. Bxf6 Bxf6 7. h4
h5 8. Bf3 c6 9. e3 Nd7 10. g4 hxg4 11. Bxg4 e5 12. Nf3 exd4 13. Nxd4 Qb6 14. c3
Qxb2 15. Bf5 Qxa1 16. Rg1 Ne5 17. Qe2 Bxf5 18. Nxf5 Qxb1+ 19. Qd1 Nf3+ 20. Ke2
Qxd1+ 21. Rxd1 gxf5 22. Kxf3 d5 23. h5 Bxc3 24. Rg1+ Kh7 25. Kf4 Rg8 26. Rg5
Rxg5 27. Kxg5 Rg8+ 28. Kh4 Be1 29. Kh3 Bxf2 30. Kh2 c5 31. a4 c4 32. a5 c3 33.
a6 bxa6 34. e4 fxe4 35. Kh3 c2 36. h6 c1=Q 37. Kh2 Qxh6# 0-1

[Event "Grand Rapids (MI Am/3/41)"]
[Site "?"]
[Date "1995.??.??"]
[Round "?"]
[White "Caminata, A."]
[Black "Nolan, Robert"]
[Result "1-0"]
[WhiteElo "1605"]
[BlackElo "1605"]
[PlyCount "125"]
[EventDate "1995.??.??"]

{3/(41)} 1. d4 Nf6 2. g3 d6 3. Bg2 c6 4. c3 Bf5 5. e3 Qc7 6. Qf3 Bd3 7. Qf4
Nbd7 8. Nd2 e5 9. Qf3 e4 10. Qf4 c5 11. dxc5 Nxc5 12. Nh3 Qc6 13. Ng5 d5 14.
Qe5+ Be7 15. b3 Qd7 16. Bh3 Qd8 17. c4 dxc4 18. bxc4 O-O 19. Ba3 b6 20. Rd1 Re8
21. Ndxe4 Nfxe4 22. Bxc5 bxc5 23. Nxe4 Rb8 24. Qa1 Qa5+ 25. Nc3 Red8 26. Bf1
Bf6 27. Rxd3 Rxd3 28. Ke2 Rbd8 29. Qb1 Bxc3 30. Kf3 Rd2 31. h4 Qa6 32. Bh3 Rxa2
33. Rd1 Bf6 34. e4 Ra3+ 35. Kg2 Rxd1 36. Qxd1 Qxc4 37. Qd7 g6 38. e5 Bxe5 39.
Qe8+ Kg7 40. Qxe5+ Kf8 41. Qh8+ Ke7 42. Qe5+ Kf8 43. Qh8+ Ke7 44. Qc8 Qe4+ 45.
Kh2 Kd6 46. Qb8+ Kc6 47. Qa8+ Kb5 48. Qxe4 c4 49. Bf1 Ra4 50. Qe8+ Kb4 51. Qxf7
c3 52. Qc4+ Ka3 53. Qxc3+ Ka2 54. Bc4+ Rxc4 55. Qxc4+ Kb2 56. Kg1 h6 57. Kf1 g5
58. hxg5 hxg5 59. Ke1 a5 60. Kd1 a4 61. Qc2+ Ka1 62. Kc1 a3 63. Qb1# 1-0

[Event "East Lansing (Class A/4/1)"]
[Site "?"]
[Date "1995.??.??"]
[Round "?"]
[White "Calton, David A"]
[Black "Triplett, Thomas"]
[Result "1/2-1/2"]
[WhiteElo "1880"]
[BlackElo "1950"]
[PlyCount "72"]
[EventDate "1995.??.??"]

{4/(1)} 1. d4 Nf6 2. Nf3 g6 3. Nbd2 Bg7 4. c3 O-O 5. e4 d6 6. Bd3 Nbd7 7. O-O
e5 8. Qc2 b6 9. Nc4 exd4 10. Nxd4 Nc5 11. f3 Nxd3 12. Qxd3 Ba6 13. Nc6 Qd7 14.
Nb4 Bb5 15. Rd1 a5 16. Nd5 Nxd5 17. Qxd5 Bc6 18. Qd3 Bb5 19. Qd5 Bc6 20. Qd3
Ba4 21. b3 Bb5 22. a4 Ba6 23. Bf4 b5 24. axb5 Bxb5 25. e5 Ra6 26. exd6 cxd6 27.
Qd5 Bxc3 28. Rac1 Bg7 29. Nxd6 Qa7+ 30. Kh1 Be2 31. Rd2 Rxd6 32. Bxd6 Re8 33.
Rc7 Bc4 34. Bg3 Qxc7 35. Qxc4 Qe7 36. Rd1 Qe3 1/2-1/2

[Event "East Lansing (Class A/1/4)"]
[Site "?"]
[Date "1995.??.??"]
[Round "?"]
[White "Calton, David A"]
[Black "Straub, F."]
[Result "1-0"]
[WhiteElo "1880"]
[BlackElo "1940"]
[PlyCount "125"]
[EventDate "1995.??.??"]

{1/(4)} 1. d4 Nf6 2. Nf3 g6 3. Nbd2 d5 4. e3 Bg7 5. Bd3 O-O 6. c3 Nbd7 7. e4
dxe4 8. Nxe4 Nxe4 9. Bxe4 c5 10. Be3 cxd4 11. Bxd4 e5 12. Be3 Qc7 13. O-O Nf6
14. Bc2 Rd8 15. Qe2 Be6 16. Bb3 Bxb3 17. axb3 a6 18. Rfd1 Ng4 19. Bg5 f6 20.
Bh4 Nh6 21. Rxd8+ Rxd8 22. Rd1 Rxd1+ 23. Qxd1 Nf5 24. Qd5+ Kf8 25. g4 Nxh4 26.
Nxh4 Ke8 27. Nf3 Qd7 28. Qc4 Qc6 29. Qg8+ Bf8 30. Kg2 Qd7 31. h3 Qf7 32. Qh8
Qg7 33. Qxg7 Bxg7 34. Nd2 Kd7 35. Ne4 f5 36. Nc5+ Kc6 37. b4 Bf8 38. Ne6 Be7
39. gxf5 gxf5 40. Kf3 Kd5 41. Ng7 f4 42. Nf5 Bd8 43. b3 Bc7 44. c4+ Ke6 45. Ke4
Bb6 46. f3 Bd8 47. Nh6 Bf6 48. Ng4 Bg7 49. Nf2 Bf8 50. Nd3 Bd6 51. c5 Bc7 52.
Nb2 Bb8 53. Na4 Bc7 54. Nc3 h6 55. b5 axb5 56. Nxb5 Bd8 57. b4 h5 58. Nd6 b6
59. Nb7 Be7 60. cxb6 Bxb4 61. Nd8+ Kd7 62. b7 Kc7 63. b8=Q+ 1-0

[Event "East Lansing (MI Op/3/18)"]
[Site "?"]
[Date "1995.??.??"]
[Round "?"]
[White "Calton, David A"]
[Black "Sobocinski, Mike"]
[Result "1-0"]
[WhiteElo "1900"]
[BlackElo "2030"]
[PlyCount "83"]
[EventDate "1995.??.??"]

{3/(18)} 1. d4 d5 2. Nf3 Nf6 3. e3 g6 4. Bd3 Bg7 5. Nbd2 b6 6. Qe2 O-O 7. e4
dxe4 8. Nxe4 Bb7 9. c3 Nbd7 10. O-O c5 11. dxc5 bxc5 12. Bf4 Kh8 13. Nxf6 Nxf6
14. Rfd1 Nd5 15. Bg3 Qb6 16. Bc4 e6 17. Ne5 Rad8 18. Bh4 f6 19. Nd3 Rd6 20. f3
Qc6 21. Bf2 Rfd8 22. Nxc5 Nf4 23. Qc2 Ba8 24. Rxd6 Rxd6 25. Ne4 Rd8 26. Bf1 f5
27. Rd1 Re8 28. Nd6 Rf8 29. Bg3 Be5 30. Qd2 g5 31. Nc4 Bc7 32. Qd4+ Kg8 33. Qd7
Nh3+ 34. gxh3 Qxf3 35. Qxe6+ Rf7 36. Bxc7 Qh1+ 37. Kf2 Qf3+ 38. Ke1 Bd5 39.
Rxd5 f4 40. Rd8+ Kg7 41. Be5+ Rf6 42. Qxf6# 1-0

[Event "East Lansing (MI Op/7/15)"]
[Site "?"]
[Date "1995.??.??"]
[Round "?"]
[White "Calton, David A"]
[Black "Moody, David"]
[Result "1/2-1/2"]
[WhiteElo "1900"]
[BlackElo "2015"]
[PlyCount "50"]
[EventDate "1995.??.??"]

{7/(15)} 1. d4 Nf6 2. Nf3 g6 3. e3 Bg7 4. Bd3 O-O 5. Nbd2 d6 6. e4 Nbd7 7. O-O
e5 8. c3 c5 9. dxe5 Nxe5 10. Nxe5 dxe5 11. Qe2 Be6 12. f3 Nh5 13. Nb3 b6 14.
Bc4 Bxc4 15. Qxc4 Kh8 16. Be3 f5 17. Rad1 Qh4 18. Rd7 fxe4 19. Qxe4 Qxe4 20.
fxe4 Rxf1+ 21. Kxf1 Nf6 22. Re7 Nxe4 23. Nd2 Nd6 24. Rd7 Nf5 25. Ke2 Nxe3
1/2-1/2

[Event "Troy (US Am N/6/5)"]
[Site "?"]
[Date "1995.??.??"]
[Round "?"]
[White "Calton, David A"]
[Black "Lees, R."]
[Result "1/2-1/2"]
[WhiteElo "2000"]
[BlackElo "1900"]
[PlyCount "72"]
[EventDate "1995.??.??"]

{6/(5)} 1. d4 f5 2. Nf3 g6 3. e3 Nf6 4. Bd3 Bg7 5. Nbd2 O-O 6. e4 fxe4 7. Nxe4
Nxe4 8. Bxe4 d5 9. Bd3 Nc6 10. c3 Bg4 11. Be2 e5 12. Nxe5 Bxe2 13. Qxe2 Nxe5
14. dxe5 Bxe5 15. Be3 c6 16. O-O-O Qf6 17. f3 Rae8 18. Qd2 Bf4 19. Bxf4 Qxf4
20. Qxf4 Rxf4 21. Rhe1 Rff8 22. Kd2 Kf7 23. b4 b6 24. Kd3 c5 25. bxc5 bxc5 26.
Rb1 Rxe1 27. Rxe1 Re8 28. Rxe8 Kxe8 29. f4 h5 30. g3 Kf7 31. h3 Kf6 32. g4 h4
33. Ke3 Ke6 34. Kf3 Kf6 35. a3 a5 36. a4 Ke6 1/2-1/2

[Event "East Lansing (MI Op/2/17)"]
[Site "?"]
[Date "1995.??.??"]
[Round "?"]
[White "Calton, David A"]
[Black "Kitsis, S."]
[Result "1/2-1/2"]
[WhiteElo "1900"]
[BlackElo "2235"]
[PlyCount "48"]
[EventDate "1995.??.??"]

{2/(17)} 1. d4 Nf6 2. Nf3 g6 3. Nbd2 Bg7 4. c3 d5 5. e3 O-O 6. Bd3 b6 7. O-O
Ba6 8. Bxa6 Nxa6 9. Qe2 Qc8 10. e4 dxe4 11. Nxe4 c5 12. Nxf6+ Bxf6 13. Be3 cxd4
14. Bxd4 Nc5 15. Bxf6 exf6 16. Rfe1 Re8 17. Qxe8+ Qxe8 18. Rxe8+ Rxe8 19. Re1
Re6 20. b3 Ne4 21. Nd4 Re5 22. Nc6 Re6 23. Nd4 Re5 24. Nc6 Re6 1/2-1/2

[Event "Troy (US Am N/4/20)"]
[Site "?"]
[Date "1995.??.??"]
[Round "?"]
[White "Calton, David A"]
[Black "Gayle, M."]
[Result "1-0"]
[WhiteElo "2000"]
[BlackElo "1620"]
[PlyCount "69"]
[EventDate "1995.??.??"]

{4/(20)} 1. d4 Nf6 2. Nf3 e6 3. e3 d5 4. Bd3 c5 5. c3 Nc6 6. Nbd2 Qb6 7. Qe2
Bd7 8. O-O cxd4 9. exd4 Bd6 10. Nb3 O-O-O 11. Be3 Ng4 12. h3 Nxe3 13. fxe3 e5
14. dxe5 Nxe5 15. Nxe5 Bxe5 16. Nd4 Rdf8 17. Kh1 g6 18. Nf3 Bg3 19. Nd4 a6 20.
Qf3 Qd6 21. e4 f5 22. exd5 Re8 23. Bc4 f4 24. Ne6 Rxe6 25. dxe6 Bc6 26. Qd3 Qe7
27. Rad1 Qh4 28. Bd5 Rd8 29. Qe4 Bxd5 30. Rxd5 Rxd5 31. Qxd5 Qe7 32. Rd1 Bf2
33. Qd7+ Qxd7 34. Rxd7 Bh4 35. Rxh7 1-0

[Event "Troy (US Am N/1/9)"]
[Site "?"]
[Date "1995.??.??"]
[Round "?"]
[White "Calton, David A"]
[Black "Eggleston, D."]
[Result "1/2-1/2"]
[WhiteElo "2000"]
[BlackElo "1605"]
[PlyCount "104"]
[EventDate "1995.??.??"]

{1/(9)} 1. d4 Nf6 2. Nf3 b6 3. e3 e6 4. Bd3 Bb7 5. Nbd2 Be7 6. c3 d6 7. e4 O-O
8. O-O Nbd7 9. Qe2 c5 10. e5 dxe5 11. dxe5 Ne8 12. Ne4 Bxe4 13. Qxe4 g6 14. Bh6
Ng7 15. Rad1 Qc7 16. Bb5 Rad8 17. Bxg7 Kxg7 18. h4 Nb8 19. Ng5 Bxg5 20. hxg5
Qe7 21. f4 a6 22. Ba4 b5 23. Bc2 c4 24. Qf3 Qc5+ 25. Qf2 Qxf2+ 26. Kxf2 h6 27.
gxh6+ Kxh6 28. g4 Kg7 29. g5 Rh8 30. Be4 a5 31. a3 Na6 32. Kg3 b4 33. axb4 axb4
34. cxb4 Rb8 35. Rd4 Rxb4 36. Rc1 Nc5 37. Bf3 Rxb2 38. Rcxc4 Nb3 39. Rd7 Rd2
40. Rb7 Nd4 41. Be4 Nf5+ 42. Bxf5 gxf5 43. Rcc7 Rd3+ 44. Kg2 Rd2+ 45. Kg1 Rd1+
46. Kf2 Rhh1 47. Rxf7+ Kg8 48. Rg7+ Kf8 49. Rgf7+ Kg8 50. g6 Rhf1+ 51. Kg3 Rg1+
52. Kf2 Rgf1+ 1/2-1/2

[Event "East Lansing (MI Op/5/16)"]
[Site "?"]
[Date "1995.??.??"]
[Round "?"]
[White "Calton, David A"]
[Black "Bailey, Greg"]
[Result "1-0"]
[WhiteElo "1900"]
[BlackElo "2065"]
[PlyCount "118"]
[EventDate "1995.??.??"]

{5/(16)} 1. d4 e6 2. Nf3 f5 3. e3 Nf6 4. Bd3 d5 5. b3 Bd6 6. Ba3 Qe7 7. Bxd6
cxd6 8. c4 Nc6 9. cxd5 Nxd5 10. Bc4 O-O 11. Bxd5 exd5 12. O-O g5 13. g3 Be6 14.
Nc3 Qg7 15. h4 gxh4 16. Nxh4 f4 17. Kh2 f3 18. Rh1 Qg4 19. Qd3 Ne7 20. Kg1 Rf6
21. e4 Raf8 22. exd5 Nxd5 23. Nxd5 Bxd5 24. Re1 Rf4 25. Re7 R4f7 26. Re3 Rg7
27. Qb5 Re7 28. Qxd5+ Kh8 29. Rxf3 Rxf3 30. Qxf3 Re1+ 31. Kh2 Qxf3 32. Nxf3 Re2
33. Kg2 Rxa2 34. Ng5 Kg7 35. Rd1 Rb2 36. Rd3 Kg6 37. Ne4 d5 38. Nc5 b6 39. Ne6
Kf5 40. Nc7 Ke4 41. Re3+ Kf5 42. Nxd5 Rd2 43. Ne7+ Kf6 44. Nc6 a5 45. Kf3 b5
46. Na7 Rxd4 47. Nxb5 Rb4 48. Nc7 Rb7 49. Nd5+ Kf5 50. g4+ Kg5 51. Kg3 Rd7 52.
f4+ Kg6 53. Re6+ Kf7 54. Re7+ Rxe7 55. Nxe7 Kxe7 56. Kf3 Kf6 57. Ke4 Ke6 58. g5
Kd6 59. f5 Kd7 1-0

[Event "Detroit (CMS Jun/2/1/2)"]
[Site "?"]
[Date "1995.??.??"]
[Round "?"]
[White "Calton, Bill"]
[Black "Walker, LeRoy"]
[Result "1/2-1/2"]
[WhiteElo "2230"]
[BlackElo "1935"]
[PlyCount "115"]
[EventDate "1995.??.??"]

{2/1} 1. e4 c5 2. Nf3 Nc6 3. Nc3 Nf6 4. d4 cxd4 5. Nxd4 e5 6. Ndb5 d6 7. Bg5 a6
8. Na3 b5 9. Bxf6 gxf6 10. Nd5 Bg7 11. Bd3 Be6 12. Qh5 f5 13. c3 Rc8 14. Nc2
O-O 15. exf5 Bxd5 16. f6 e4 17. fxg7 Re8 18. Be2 Re5 19. Qh6 Rg5 20. h4 Rxg7
21. Rd1 Rg6 22. Qf4 Bxa2 23. h5 Qf6 24. Qxe4 d5 25. Qf3 Ne5 26. Qxf6 Rxf6 27.
Ne3 Rd8 28. Rh4 Rdd6 29. Rhd4 Nc6 30. Nxd5 Bxd5 31. Rxd5 Rxd5 32. Rxd5 Ne7 33.
Rd7 Nf5 34. Bf3 Kg7 35. Ra7 Re6+ 36. Kd2 Nd6 37. Kc2 Nc4 38. b3 Ne5 39. Bb7 Ng4
40. Rxa6 Re2+ 41. Kc1 Rxf2 42. Bf3 Ne3 43. Rb6 Rc2+ 44. Kb1 Rxc3 45. h6+ Kf8
46. Rxb5 Rd3 47. Kb2 Nxg2 48. Be4 Rd6 49. Kc3 Nf4 50. Bxh7 Rxh6 51. Be4 Rd6 52.
Bb7 Ne2+ 53. Kc4 Nd4 54. Rd5 Rxd5 55. Bxd5 Nxb3 56. Bxf7 Nd2+ 57. Kd3 Kxf7 58.
Kxd2 1/2-1/2

[Event "Detroit (MI Team/1/4/1)"]
[Site "?"]
[Date "1995.??.??"]
[Round "?"]
[White "Calton, Bill"]
[Black "Mahabir, Jagdesh"]
[Result "1-0"]
[WhiteElo "2230"]
[BlackElo "1605"]
[PlyCount "51"]
[EventDate "1995.??.??"]

{1/4} 1. e4 d6 2. d4 Nf6 3. Nc3 g6 4. Bg5 Bg7 5. f4 Bg4 6. Nf3 Nh5 7. Nd5 f6 8.
Bh4 c6 9. Ne3 Bxf3 10. Qxf3 Bh6 11. f5 Qa5+ 12. c3 Bxe3 13. Qxe3 gxf5 14. b4
Qa3 15. Be2 Ng7 16. O-O Nd7 17. Qh6 Rg8 18. Bc4 e6 19. exf5 Qxc3 20. Bxe6 Nxe6
21. fxe6 Qxd4+ 22. Bf2 Qg4 23. exd7+ Kxd7 24. Bg3 Qd4+ 25. Kh1 f5 26. Rad1 1-0

[Event "Troy (TCC Beg/4/5)"]
[Site "?"]
[Date "1995.??.??"]
[Round "?"]
[White "Butler, G."]
[Black "Young, L."]
[Result "1-0"]
[WhiteElo "1605"]
[BlackElo "1605"]
[PlyCount "89"]
[EventDate "1995.??.??"]

{4/(5)} 1. e4 e5 2. Nf3 Nc6 3. Nc3 Bc5 4. Bc4 Nf6 5. d3 O-O 6. O-O d6 7. Bg5 h6
8. Bh4 Nd4 9. Nxd4 Bxd4 10. Rb1 Qd7 11. Qf3 a6 12. Qg3 Kh7 13. Bxf6 gxf6 14.
Nd5 Qd8 15. c3 b5 16. cxd4 bxc4 17. dxe5 fxe5 18. dxc4 c6 19. Ne3 Rg8 20. Qf3
Qg5 21. Rbd1 Bg4 22. Nxg4 Qxg4 23. Qxg4 Rxg4 24. Rxd6 Rxe4 25. Rxc6 Re2 26. h3
Rxb2 27. Rd1 Rab8 28. Rdd6 Rxa2 29. Rxh6+ Kg7 30. Kh2 Rbb2 31. Rhf6 Rxf2 32.
Rxf2 Rxf2 33. Rxa6 Rc2 34. Ra4 Kg6 35. Ra6+ f6 36. c5 Rxc5 37. Kg3 e4 38. Ra7
Re5 39. Ra1 f5 40. Ra6+ Kh5 41. Kf2 f4 42. Ke2 Rg5 43. g4+ Kh4 44. Rh6+ Rh5 45.
Rxh5+ 1-0

[Event "Troy (US Am N/2/45)"]
[Site "?"]
[Date "1995.??.??"]
[Round "?"]
[White "Butler, G."]
[Black "Vangilder, W."]
[Result "0-1"]
[WhiteElo "1605"]
[BlackElo "1605"]
[PlyCount "26"]
[EventDate "1995.??.??"]

{2/(45)} 1. e4 Nc6 2. Nf3 d6 3. Nc3 Nf6 4. Bc4 Bg4 5. O-O e6 6. d3 Ne5 7. Bb5+
c6 8. Bc4 Nfd7 9. h3 Nxf3+ 10. gxf3 Bxh3 11. Re1 Ne5 12. f4 Bg4 13. Qd2 Nf3+
0-1

[Event "Troy (TCC Beg/3/7)"]
[Site "?"]
[Date "1995.??.??"]
[Round "?"]
[White "Butler, G."]
[Black "Torigian, J."]
[Result "1-0"]
[WhiteElo "1605"]
[BlackElo "1605"]
[PlyCount "58"]
[EventDate "1995.??.??"]

{3/(7)} 1. e4 e5 2. Nf3 Nc6 3. Nc3 Nf6 4. Bc4 Bc5 5. O-O O-O 6. d3 d6 7. Bg5
Bg4 8. h3 h6 9. Bxf6 Bxf3 10. Qxf3 Qxf6 11. Qe2 Nd4 12. Qd2 Rae8 13. Nd5 Qd8
14. c3 Ne6 15. Bb3 c6 16. Ba4 cxd5 17. exd5 b5 18. Bxb5 Re7 19. dxe6 Rxe6 20.
Rae1 e4 21. dxe4 Rfe8 22. Bxe8 Qxe8 23. Qd3 a5 24. Re2 Qa4 25. Qa6 Rxe4 26.
Rxe4 Bxf2+ 27. Rxf2 Qd1+ 28. Rf1 f5 29. Rxd1 fxe4 1-0

[Event "Troy (US Am N/4/44)"]
[Site "?"]
[Date "1995.??.??"]
[Round "?"]
[White "Butler, G."]
[Black "Cunningham, C."]
[Result "0-1"]
[WhiteElo "1605"]
[BlackElo "1605"]
[PlyCount "50"]
[EventDate "1995.??.??"]

{4/(44)} 1. e4 e5 2. Nf3 Nc6 3. Nc3 Nf6 4. Bc4 Nxe4 5. Nxe4 d5 6. Bd3 dxe4 7.
Bxe4 Bg4 8. O-O Nd4 9. c3 Nxf3+ 10. Bxf3 Bxf3 11. Qxf3 c6 12. Qe2 Bd6 13. d4
O-O 14. dxe5 Re8 15. Bf4 f6 16. Rad1 fxe5 17. Rxd6 Qxd6 18. Rd1 exf4 19. Qc4+
Qd5 20. Rxd5 Re1+ 21. Qf1 Rxf1+ 22. Kxf1 cxd5 23. g4 fxg3 24. hxg3 Re8 25. b4
b5 0-1